00952cam a2200217 a 450000100100000000500170001000800410002704000250006808200180009310000400011124500410015126000840019230000210027649000550029765000340035265000350038683000620042195201150048395201210059899900150071900000484320200929151522.0890126s1996 sa 000 p spa  aDO-SdBNPbspacBNPHU aS861.44bE77j1 aEspino, Alfredo,q1900-1928.91405410aJícaras tristes /cAlfredo Espino. aSan Salvador, El Salvador :bConsejo Nacional para la Cultura y el Arte,c1996. a148 p. ;c22 cm.1 aBiblioteca Básica de Literatura Salvadoreñav6 4aPoesía salvadoreña912306 4aLiteratura salvadoreña92929 0aBiblioteca Básica de Literatura Salvadoreñan6914055 001050718MOaGRbGRcHDd2009-07-27iLF1l0oS861.44 E77jp4843-10r2020-06-25w2020-06-25y1ZNo se presta 001150718MOaGRbGRcMId2017-03-27iLF1l0oS861.44 E77jp4843-20r2020-06-25te. 2w2020-06-25y1ZNo se presta c4649d4649